000 00318nam a2200109Ia 4500
008 171211s9999 xx 000 0 und d
245 _aOccultism in a Global Perspective
245 _cGordan Djurdjevic and Henrik Bogdan
260 _c2014
650 _xRELIGION
856 _uhttp://down.ebook777.com/062/1844657167.pdf
999 _c350607
_d350607